Psychológia zdravia a kvality života učiteľa a žiaka

Vzájomné interakcie medzi učiteľmi a žiakmi, ako aj medzi žiakmi navzájom, prinášajú celý rad problémov, ktoré sú v značnej miere vyústením skrytej tenzie, komplexu menejcennosti a nedostatočnej sebadôvery. Definícia pojmov: sebapoznávanie, sebareflexia a komplex menejcenosti. Najčastejšie príznaky...

Ausführliche Beschreibung

Gespeichert in:
Bibliographische Detailangaben
1. Verfasser: Soroková, Tatiana
Format: Buchkapitel
Sprache:Slowakisch
Schlagworte:
Tags: Tag hinzufügen
Keine Tags, Fügen Sie das erste Tag hinzu!

MARC

LEADER 00000naa a2200000 4500
001 0239955
005 20241118101643.8
041 0 |a slo 
044 |a SK 
245 1 0 |a Psychológia zdravia a kvality života učiteľa a žiaka  |c Tatiana Soroková 
520 |a Vzájomné interakcie medzi učiteľmi a žiakmi, ako aj medzi žiakmi navzájom, prinášajú celý rad problémov, ktoré sú v značnej miere vyústením skrytej tenzie, komplexu menejcennosti a nedostatočnej sebadôvery. Definícia pojmov: sebapoznávanie, sebareflexia a komplex menejcenosti. Najčastejšie príznaky komplexu menejcennosti. Základné oblasti sociálnej zručnosti. Psychologický test zameraný na zmapovanie vlastnej sebadôvery. 
610 2 0 |a učitelia 
610 2 0 |a žiaci 
610 2 0 |a psychológia pedagogická 
610 2 0 |a hygiena duševná 
610 2 0 |a vzťahy medziľudské 
610 2 0 |a psychológia 
610 2 0 |a sebadôvera 
100 1 |a Soroková, Tatiana